000 00351nam a2200157Ia 4500
005 20250423100522.0
008 250422s9999 xx 000 0 und d
020 _a0742-1796
050 _aR 74 .B493/
245 0 _aPhysician- Assisted death
260 _aNew Jersey
260 _bHumana Press
260 _c1994
300 _a155 p
942 _cBK
999 _c33551
_d33551